លទ្ធភាពកែលំអ ការចិញ្ចឹមពូជជ្រូកនៅស្ថានីយ៍ចិញ្ចឹមសត្វរដ្ឋ (Record no. 1561)
[ view plain ]
| 000 -LEADER | |
|---|---|
| fixed length control field | 00560nam a22001577a 4500 |
| 003 - CONTROL NUMBER IDENTIFIER | |
| control field | OSt |
| 005 - DATE AND TIME OF LATEST TRANSACTION | |
| control field | 20151001100305.0 |
| 008 - FIXED-LENGTH DATA ELEMENTS--GENERAL INFORMATION | |
| fixed length control field | 151001b xxu||||| |||| 00| 0 eng d |
| 040 ## - CATALOGING SOURCE | |
| Transcribing agency | RUA |
| 082 ## - DEWEY DECIMAL CLASSIFICATION NUMBER | |
| Classification number | AVM អ៊ំុ 1992 B065 Or.1 |
| 100 ## - MAIN ENTRY--PERSONAL NAME | |
| 9 (RLIN) | 1654 |
| Personal name | អ៊ុំ ណារិន្ទ |
| 245 ## - TITLE STATEMENT | |
| Title | លទ្ធភាពកែលំអ ការចិញ្ចឹមពូជជ្រូកនៅស្ថានីយ៍ចិញ្ចឹមសត្វរដ្ឋ |
| 260 ## - PUBLICATION, DISTRIBUTION, ETC. (IMPRINT) | |
| Place of publication, distribution, etc. | Phnom Penh |
| Name of publisher, distributor, etc. | RUA |
| Date of publication, distribution, etc. | 1992 |
| 300 ## - PHYSICAL DESCRIPTION | |
| Extent | 124p. |
| Other physical details | ill. |
| Dimensions | 29cm. |
| 942 ## - ADDED ENTRY ELEMENTS (KOHA) | |
| Source of classification or shelving scheme | |
| Koha item type | AVM |
| Price effective from | Date last seen | Permanent Location | Not for loan | Date acquired | Source of classification or shelving scheme | Koha item type | Lost status | Withdrawn status | Date last checked out | Total Checkouts | Shelving location | Damaged status | Barcode | Current Location | Full call number |
|---|---|---|---|---|---|---|---|---|---|---|---|---|---|---|---|
| 2015-10-01 | 2024-05-28 | Library Block B | 2015-10-01 | AVM | 2024-05-08 | 1 | B065 | RUA007559 | Library Block B | AVM អ៊ំុ 1992 B065 Or.1 | |||||
| 2015-10-01 | 2015-10-01 | Library Block B | 2015-10-01 | AVM | B065 | RUA008141 | Library Block B | AVM អ៊ំុ 1992 B065 Or.2 | |||||||
| 2015-10-01 | 2015-10-01 | Library Block B | 2015-10-01 | AVM | B065 | RUA008357 | Library Block B | AVM អ៊ំុ 1992 B065 Or.3 | |||||||
| 2015-10-01 | 2023-01-27 | Library Block B | 2015-10-01 | AVM | 2023-01-23 | 1 | B065 | RUA007191 | Library Block B | AVM អ៊ំុ 1992 B065 Or.4 | |||||
| 2015-10-01 | 2015-10-01 | Library Block B | 2015-10-01 | AVM | B065 | RUA006337 | Library Block B | AVM អ៊ំុ 1992 B065 Or.5 |